Start with B, ends with T - Statistics

General Stats
  • This quiz has been taken 22 times
  • The average score is 7 of 15
Answer Stats
Question Answer % Correct
Headwear, worn by French onion sellers, wearing striped pullovers Beret
95%
First name of songwriter Bacharach Burt
85%
George, Manchester United forward Best
80%
Weight, used to steady watercraft Ballast
65%
Australian slang for 'nice' Beaut
65%
Bathroom furniture, for washing ones bits and pieces Bidet
55%
Bertie's surname, think Licorice Allsorts™ Bassett
45%
Devoid of ideas? Bereft
45%
Ribena flavour Blackcurrant
45%
Extreme, right-wing homophobe? Bigot
40%
Quarters assigned to soldiers etc Billet
35%
Inclined to hostile or combative behaviour Belligerent
30%
Explicit in ones description of something or someone Blunt
30%
When you experience the most of something, usu unpleasant Brunt
10%
Small stool for perching on Buffet
10%
No matching quizzes found
Score Distribution
Percent of People with Each Score
Percentile by Number Answered
Your Score History
You have not taken this quiz